000 00288nam a2200121Ia 4500
008 180205s9999 xx 000 0 und d
020 _a9812405798
100 _aConnor O', Bob
245 _aStrength training today
250 _a2nd ed
260 _aUSA
_c2000
300 _aiii, 192 pages
999 _c354703
_d354703